Statistics for Alla Svenska Fåglar

Click here to take the quiz!

General Stats

  • This quiz has been taken 231 times
  • The average score is 41 of 500

Answer Stats

Answer% Correct
Brunand
63%
Råka
51%
Gräsand
43%
Duvhök
42%
Tamduva
39%
Tretåig Hackspett
38%
Blåmes
37%
Knölsvan
37%
Kungsörn
35%
Brunand
33%
Knipa
33%
Råka
33%
Sparvhök
33%
Sångsvan
31%
Strandskata
31%
Blåmes
30%
Gråtrut
30%
Kustlabb
29%
Talgoxe
29%
Trana
29%
Havsörn
27%
Knipa
27%
Härfågel
26%
Större Hackspett
26%
Strandskata
26%
Tjäder
26%
Korp
25%
Kråka
25%
Skata
25%
Tornuggla
25%
Gravand
24%
Kaja
24%
Tofsvipa
24%
Fasan
23%
Fiskmås
23%
Gravand
23%
Kanadagås
23%
Korp
23%
Lunnefågel
23%
Pilgrimsfalk
23%
Tjäder
23%
Grönsångare
21%
Spillkråka
21%
Talgoxe
21%
Trana
21%
Turkduva
21%
Biätare
20%
Havstrut
20%
Kentsk Tärna
20%
Kungsfiskare
20%
Lavskrika
20%
Salskrake
20%
Storskrake
20%
Vit Stork
20%
Ringduva
19%
Skogsduva
19%
Stenfalk
19%
Större Hackspett
19%
Fjällripa
18%
Hornuggla
18%
Lappuggla
18%
Mindre Hackspett
18%
Nötkråka
18%
Orre
18%
skata
18%
Storskarv
18%
Trädlärka
18%
Vaktel
18%
Vitryggig Hackspett
18%
Fasan
17%
Fjälluggla
17%
Kungsfiskare
17%
Lappuggla
17%
Lunnefågel
17%
Silvertärna
17%
Talltita
17%
Bergand
15%
Fisktärna
15%
Gråhäger
15%
Gräsand
15%
Gröngöling
15%
Havsörn
15%
Havssula
15%
Kungsörn
15%
Ringduva
15%
Röd Glada
15%
Skedstork
15%
Skogsduva
15%
Skrattmås
15%
Törnskata
15%
Alförrädare
14%
Bivråk
14%
Ejder
14%
Fiskgjuse
14%
Ladusvala
14%
Rördrom
14%
Sandlöpare
14%
Sånglärka
14%
Sothöna
14%
Svarthakedopping
14%
Svartmes
14%
Tofsmes
14%
Bläsgås
13%
Dalripa
13%
Entita
13%
Gröngöling
13%
Kärrsnäppa
13%
Kattuggla
13%
Ljungpipare
13%
Mandarinand
13%
Nötskrika
13%
Orre
13%
Rapphöna
13%
Rödspov
13%
Storlom
13%
Tornseglare
13%
Tretåig Hackspett
13%
Ejder
12%
Gråhäger
12%
Kanadagås
12%
Kricka
12%
Ladusvala
12%
Mindre Sångsvan
12%
Pärluggla
12%
Sävsångare
12%
Skäggdopping
12%
Svart Stork
12%
Vitkindad gås
12%
Alfågel
11%
Bivråk
11%
Brun Glada
11%
Dubbelbeckasin
11%
Hökuggla
11%
Hornuggla
11%
Mindre Hackspett
11%
Nilgås
11%
Praktejder
11%
Röd Glada
11%
Sångsvan
11%
Silltrut
11%
Silltrut
11%
Svarttärna
11%
Tordmule
11%
Turkduva
11%
Vigg
11%
Vitkindad gås
11%
Backsvala
10%
Berguv
10%
Fjällripa
10%
Göktyta
10%
Havstrut
10%
Hussvala
10%
Järpe
10%
Järpe
10%
Kustpipare
10%
Lärkfalk
10%
Morkulla
10%
Salskrake
10%
Sånglärka
10%
Skäggdopping
10%
Skäggmes
10%
Skäggmes
10%
Sothöna
10%
Spillkråka
10%
Svartmes
10%
Talltita
10%
Tobisgrissla
10%
Alfågel
8%
Ängshök
8%
Entita
8%
Göktyta
8%
Gråspett
8%
Kentsk Tärna
8%
Lavskrika
8%
Mandarinand
8%
Rördrom
8%
Skärfläcka
8%
Skedand
8%
Skräntärna
8%
Sommargylling
8%
Stjärtmes
8%
Storlom
8%
Större Strandpipare
8%
Storskarv
8%
Svarthakedopping
8%
Svarthalsad Dopping
8%
Tornfalk
8%
Trädlärka
8%
Varfågel
8%
Vit Stork
8%
Alförrädare
7%
Berguv
7%
Biätare
7%
Bläsand
7%
Bläsgås
7%
Enkelbeckasin
7%
Grågås
7%
Gråspett
7%
Hussvala
7%
Kaja
7%
Kornknarr
7%
Kricka
7%
Kustlabb
7%
Lappmes
7%
Mindre Sångsvan
7%
Mindre Strandpipare
7%
Morkulla
7%
Nilgås
7%
Pilgrimsfalk
7%
Rörhöna
7%
Sillgrissla
7%
Skräntärna
7%
Slaguggla
7%
Smådopping
7%
Smålom
7%
Småskrake
7%
Stäpphök
7%
Stjärtand
7%
Svarthätta
7%
Svarthätta
7%
Svarthuvad Mås
7%
Tofslärka
7%
Tofsmes
7%
Törnskata
7%
Trastsångare
7%
Vitryggig Hackspett
7%
Alkekung
6%
Backsvala
6%
Blåkråka
6%
Bläsand
6%
Dalripa
6%
Drillsnäppa
6%
Dubbelbeckasin
6%
Fiskgjuse
6%
Fisktärna
6%
Fjällgås
6%
Grågås
6%
Grönsångare
6%
Knölsvan
6%
Kråka
6%
Lappmes
6%
Nötkråka
6%
Nötskrika
6%
Pärluggla
6%
Pungmes
6%
Pungmes
6%
Rörhöna
6%
Sädgås
6%
Silvertärna
6%
Sjöorre
6%
Skärfläcka
6%
Småfläckig Sumphöna
6%
Småspov
6%
Storspov
6%
Svärta
6%
Toppskarv
6%
Tornuggla
6%
Tretåig Mås
6%
Vitvingad Trut
6%
Vitvingad Trut
6%
Blåkråka
5%
Grönbena
5%
Härmsångare
5%
Kattuggla
5%
Mindre Strandpipare
5%
Nattskärra
5%
Rödbena
5%
Sädgås
5%
Smådopping
5%
Smalnäbbad Simsnäppa
5%
Sparvuggla
5%
Spetsbergsgås
5%
Spetsbergsgås
5%
Svartnäbbad Islom
5%
Svart Stork
5%
Toppskarv
5%
Tornfalk
5%
Turturduva
5%
Vassångare
5%
Aftonfalk
4%
Ägretthäger
4%
Ägretthäger
4%
Ängshök
4%
Årta
4%
Bergand
4%
Berglärka
4%
Duvhök
4%
Dvärgbeckasin
4%
Enkelbeckasin
4%
Fjällgås
4%
Fjällpipare
4%
Fjälluggla
4%
Gök
4%
Gök
4%
Jaktfalk
4%
Kärrsnäppa
4%
Kornknarr
4%
Lövsångare
4%
Lövsångare
4%
Nordsångare
4%
Praktejder
4%
Rödhalsad Gås
4%
Rörsångare
4%
Skedand
4%
Skedstork
4%
Skogssnäppa
4%
Smålom
4%
Småsnäppa
4%
Snatterand
4%
Sommargylling
4%
Sparvhök
4%
Sparvuggla
4%
Spovsnäppa
4%
Stjärtmes
4%
Storskrake
4%
Svarthalsad Dopping
4%
Tofslärka
4%
Tordmule
4%
Trädgårdssångare
4%
Trädgårdssångare
4%
Vassångare
4%
Vigg
4%
Vittrut
4%
Alkekung
2%
Amerikansk Kricka
2%
Amerikansk Kricka
2%
Årta
2%
Berglärka
2%
Brednäbbad Simsnäppa
2%
Bredstjärtad Labb
2%
Brun Glada
2%
Brun Kärrhök
2%
Dvärgmås
2%
Dvärgmås
2%
Fiskmås
2%
Fjällabb
2%
Fjällabb
2%
Fjällvråk
2%
Flodsångare
2%
Gluttsnäppa
2%
Gråhakedopping
2%
Grålira
2%
Grålira
2%
Gransångare
2%
Grönbena
2%
Härfågel
2%
Härmsångare
2%
Havssula
2%
Lärkfalk
2%
Ljungpipare
2%
Mosnäppa
2%
Myrsnäppa
2%
Myrspov
2%
Ormvråk
2%
Rapphöna
2%
Rödbena
2%
Rödhalsad Gås
2%
Rödspov
2%
Sandlöpare
2%
Sandtärna
2%
Sävsångare
2%
Skogssnäppa
2%
Skrattmås
2%
Smalnäbbad Simsnäppa
2%
Småskrake
2%
Småspov
2%
Småtärna
2%
Småtärna
2%
Snatterand
2%
Stjärtand
2%
Stormfågel
2%
Stormsvala
2%
Större Strandpipare
2%
Storspov
2%
Svärta
2%
Tamduva
2%
Tofsvipa
2%
Vattenrall
2%
Aftonfalk
1%
Blå Kärrhök
1%
Brun Kärrhök
1%
Brunsångare
1%
Brushane
1%
Brushane
1%
Dammsnäppa
1%
Dvärgbeckasin
1%
Flodsångare
1%
Gluttsnäppa
1%
Gråhakedopping
1%
Gransångare
1%
Gräshoppsångare
1%
Hökuggla
1%
Jorduggla
1%
Kärrsångare
1%
Klykstjärtad Stormsvala
1%
Klykstjärtad Stormsvala
1%
Kungsfågelsångare
1%
Medelhavstrut
1%
Mindre Lira
1%
Mindre Skrikörn
1%
Mindre Sumphöna
1%
Myrspov
1%
Nattskärra
1%
Nordsångare
1%
Prutgås
1%
Prutgås
1%
Rödhuvad Dykand
1%
Rörsångare
1%
Roskarl
1%
Sillgrissla
1%
Skärsnäppa
1%
Skärsnäppa
1%
Slaguggla
1%
Småfläckig Sumphöna
1%
Småsnäppa
1%
Spovsnäppa
1%
Storlabb
1%
Stormfågel
1%
Stormsvala
1%
Större Skrikörn
1%
Stripgås
1%
Svartbent Strandpipare
1%
Svartpannad Törnskata
1%
Svartsnäppa
1%
Svartsnäppa
1%
Svarttärna
1%
Tajgasångare
1%
Tärnmås
1%
Tereksnäppa
1%
Tobisgrissla
1%
Trastsångare
1%
Tretåig Mås
1%
Turturduva
1%
Vaktel
1%
Varfågel
1%
Vitnäbbad Islom
1%
Vitnäbbad Islom
1%
Vittrut
1%
Bergtajgasångare
0%
Bergtajgasångare
0%
Blå Kärrhök
0%
Brednäbbad Simsnäppa
0%
Bredstjärtad Labb
0%
Brunsångare
0%
Busksångare
0%
Busksångare
0%
Dammsnäppa
0%
Drillsnäppa
0%
Fjällpipare
0%
Fjällvråk
0%
Gräshoppsångare
0%
Gråtrut
0%
Jaktfalk
0%
Jorduggla
0%
Kärrsångare
0%
Kaspisk Trut
0%
Kaspisk Trut
0%
Korttålärka
0%
Korttålärka
0%
Kungsfågelsångare
0%
Kustpipare
0%
Kustsnäppa
0%
Kustsnäppa
0%
Lundsångare
0%
Lundsångare
0%
Medelhavstrut
0%
Mindre Lira
0%
Mindre Skrikörn
0%
Mindre Sumphöna
0%
Mosnäppa
0%
Myrsnäppa
0%
Ormvråk
0%
Rödhuvad Dykand
0%
Roskarl
0%
Rostand
0%
Rostand
0%
Rostgumpsvala
0%
Rostgumpsvala
0%
Sandtärna
0%
Sjöorre
0%
Stäpphök
0%
Stenfalk
0%
Storlabb
0%
Större Skrikörn
0%
Stripgås
0%
Svartbent Strandpipare
0%
Svarthuvad Mås
0%
Svartnäbbad Islom
0%
Svartpannad Törnskata
0%
Tajgasångare
0%
Tärnmås
0%
Tereksnäppa
0%
Tornseglare
0%
Tuvsnäppa
0%
Tuvsnäppa
0%
Vattenrall
0%
Videsångare
0%
Videsångare
0%
Vitvingad Tärna
0%
Vitvingad Tärna
0%

Score Distribution

Percentile by Number Answered

Percent of People with Each Score

Your Score History

You have not taken this quiz